|
|
|
|
| LEADER |
02263nam a2200589 a 4500 |
| 001 |
nkc20102127684 |
| 003 |
CZ PrNK |
| 005 |
20110421141536.0 |
| 007 |
ta |
| 008 |
101124s2010 xr f 000 0 cze |
| 015 |
|
|
|a cnb002127684
|
| 020 |
|
|
|a 978-80-87146-35-4
|q (Univerzita Karlova, Právnická fakulta ;
|q brož.)
|
| 035 |
|
|
|a (OCoLC)724293258
|
| 040 |
|
|
|a ABA001
|b cze
|d OLA001
|d BOA001
|
| 041 |
0 |
|
|a cze
|b fre
|
| 072 |
|
7 |
|a 341
|x Mezinárodní právo
|2 Konspekt
|9 16
|
| 080 |
|
|
|a 341:502/504
|2 MRF
|
| 080 |
|
|
|a 574.1
|2 MRF
|
| 080 |
|
|
|a 574.5(26)
|2 MRF
|
| 080 |
|
|
|a 502.17
|2 MRF
|
| 080 |
|
|
|a (048.8)
|2 MRF
|
| 080 |
|
|
|a (093)
|2 MRF
|
| 100 |
1 |
|
|a Žákovská, Karolína,
|d 1976-
|7 ola2010617047
|4 aut
|
| 245 |
1 |
0 |
|a Ochrana mořské biodiverzity v mezinárodním právu /
|c Karolina Žákovská
|
| 260 |
|
|
|a Praha :
|b Univerzita Karlova v Praze, Právnická fakulta,
|c 2010
|
| 300 |
|
|
|a 227 s. ;
|c 21 cm
|
| 490 |
1 |
|
|a Prameny a nové proudy právní vědy ;
|v no. 45
|
| 500 |
|
|
|a Vydala Právnická fakulta Univerzity Karlovy v Praze v nakl. Eva Rozkotová, Beroun
|
| 500 |
|
|
|a 200 výt.
|
| 504 |
|
|
|a Obsahuje bibliografii a bibliografické odkazy
|
| 546 |
|
|
|a Francouzské resumé
|
| 650 |
0 |
7 |
|a mezinárodní právo životního prostředí
|7 ph122821
|2 czenas
|
| 650 |
0 |
7 |
|a biodiverzita
|7 ph118885
|2 czenas
|
| 650 |
0 |
7 |
|a mořské ekosystémy
|7 ph123020
|2 czenas
|
| 650 |
0 |
7 |
|a ochrana přírody
|7 ph115552
|2 czenas
|
| 650 |
0 |
9 |
|a international environmental law
|2 eczenas
|
| 650 |
0 |
9 |
|a biodiversity
|2 eczenas
|
| 650 |
0 |
9 |
|a marine ecosystems
|2 eczenas
|
| 650 |
0 |
9 |
|a nature conservation
|2 eczenas
|
| 655 |
|
7 |
|a monografie
|7 fd132842
|2 czenas
|
| 655 |
|
7 |
|a prameny
|7 fd131865
|2 czenas
|
| 655 |
|
9 |
|a monographs
|2 eczenas
|
| 655 |
|
9 |
|a sources
|2 eczenas
|
| 710 |
2 |
|
|a Univerzita Karlova.
|b Právnická fakulta
|7 kn20010709363
|
| 830 |
|
0 |
|a Prameny a nové proudy právní vědy
|0 s
|
| 856 |
4 |
1 |
|u http://www.digitalniknihovna.cz/mzk/uuid/uuid:b97a9f00-1578-11e8-bdb0-005056827e51
|y Digitalizovaný dokument
|x NDK
|
| 910 |
2 |
|
|a BOA001
|b 2-1254.525
|
| 928 |
9 |
|
|a Eva Rozkotová
|
| 990 |
|
|
|a BK
|
| 995 |
|
|
|a 01
|
| 991 |
|
|
|b 201101
|c NOV
|e n
|
| 996 |
6 |
|
|b 2610458893
|c 2-1254.525
|l MZK
|r Sklad / do 1 hodiny
|n 0
|p p.v.
|w 001162350
|u 000010
|a 1
|e BOA001
|j MZK50
|s P
|